000 01269nam a22002777a 4500
005 20090609112119.0
008 090609t xxu||||| |||| 00| 0 hin d
010 _aHIN-86865
020 _a9788189537253
_c395.00
035 _aHN-59211
037 _bDBAD / PUB
040 _adpl
_bhn
082 _a949.8
100 _aसाहा, रणजीत
245 _aरोमानिया में मेरी दुनिया /
_cरणजीत साहा
246 _aRomaniya men merii duniyaa
_bby Ranjeet Saha
260 _aदिल्ली
_bयश पब्लिकेशन्स
_c2008
270 _aX/909, चाँद मौहल्ला, गांधी नगर,
_bदिल्ली
_e110031
_k09873743201
_myasg_publication@hormail.com
300 _a199पृ
_c23सेमी (सजिल्द)
_bसचित्र
650 _aस्मृति
650 _aMemory
651 _aरोमानिया
_xइतिहास
651 _aRomania
_xHistory
942 _2ddc
_cHN
_mसाहार
_h949.8
999 _c27324
_d27324